| 000 | 00331nam a2200133Ia 4500 | ||
|---|---|---|---|
| 005 | 20260328104246.0 | ||
| 008 | 260328s9999||||xx |||||||||||||| ||und|| | ||
| 100 | _aHolmes, Kenneth | ||
| 245 | 0 |
_aMasonry / _cKenneth Holmes |
|
| 260 | _bTechnical Composition co.Boston | ||
| 300 | _a137 p. | ||
| 650 | _aCONSTRUCCIÓN | ||
| 942 | _cBK | ||
| 999 |
_c10086 _d10086 |
||